000 00305nam a2200121Ia 4500
008 240731s9999 xx 000 0 und d
022 _a1746-6210
245 0 _aBritish Poultry Abstracts
260 _bTaylor & Francis
856 _uhttps://www.tandfonline.com/loi/cbpa20
942 _2ddc
942 _cTFEJ
999 _c75691
_d75691
945 _a1
_bMadushi Gamage
_c1
_dMadushi Gamage